Регионална библиотека "Любен Каравелов" - Русе

Немислимото (Запис номер 364647)

MARC детайли
000 -Лидер
Контролно поле с фиксирана дължина nam a22 7a 4500
003 - Код на организацията, давaща контролен номер
Контролно поле BLK
005 - Дата и час на последна редакция
Контролно поле 20220630122550.0
008 - Елементи от данни с фиксирана дължина
fixed length control field 200527b bu ||||| |||| 00| 0 bu d
020 ## - Международен стандартен номер на книга ISBN
Международен стандартен номер на книга ISBN 978-954-28-3117-4
040 ## - Източник на каталожния запис
Идентификатор на билиотеката - собственик на записа BLK
041 ## - Код за език
Код за езика на текст/звукозапис или на отделно заглавие Български
Код за езика КДБФ Български
080 ## - УДК
Текстов определител УДК Психофизиология. Висша нервна дейност - Време на психична реакция;внимание, асоциация, памет, фантазия ; инстинкт, възбудимост и усещане (в психологичен смисъл), стрес; воля, съзнателно координиране и
УДК код - определител по УДК 612.821
УДК - код + определител 612.821
080 ## - УДК
Текстов определител УДК Сетивно познание. Усещания и възприятия
УДК код - определител по УДК 159.93
УДК - код + определител 159.93
100 ## - Редна дума - Автор
Автор Томсън, Хелън
Авторска отговорност първи автор
R(LIN) 1299
139 ## - Редно поле
Редна дума Томсън, Хелън
Авторски знак Томс - Т 71
245 ## - Сведения за заглавието
Заглавие Немислимото
Подзаглавни данни Най-обикновените умове на планетата разкриват тайните си
Редно поле (дума) Хелън Томсън; прев. Елена Филипова
260 ## - Област на издателските данни
9 (RLIN) 217021
Място на издаване, разпространение и проч. София
Име на издателя, разпространителя и проч. Сиела Норма
Година на издаване 2020
300 ## - Физическа характеристика
Страници 242 с.
Размери/Мащаб 24 см
380 ## - Жанр
Жанр Медицина
650 #7 - Допълнително описание по предмет – тема
9 (RLIN) 162609
Основно описание – тема или топоним Мозък - функции
650 #0 - Допълнително описание по предмет – тема
9 (RLIN) 325044
Основно описание – тема или топоним Познание, сетивно
653 #7 - Ключова дума – ненормативна
9 (RLIN) 194851
Ключова дума психични процеси
653 #7 - Ключова дума – ненормативна
9 (RLIN) 199241
Ключова дума феномени
653 #7 - Ключова дума – ненормативна
9 (RLIN) 197141
Ключова дума спомени
700 ## - Други автори (авторска отговорност)
9 (RLIN) 253751
Лично име Филипова, Елена
Автороска отговорност (Описва отношението между автора и произведението) прев. от англ.
999 ## - СИСТЕМНИ КОНТРОЛНИ НОМЕРА
Koha biblionumber 364647
Koha biblioitemnumber 364647
942 ## - АРТИКУЛИ
Вид на библиотечния материал Книги
Скрит в OPAC Не
Периодичен библиозапис Да
Koha issues (borrowed), all copies 3
944 ## - СЪЗДАВАНЕ И РЕДАКЦИЯ на ЗАПИСА
Създаване/Редакция Създаване
Дата на регистрацията/редакция 2020-05-27
Служител, извършил регистрацията/редакцията В. Т.
Наличности
Код за отписване Код за изгубен артикул Източник на класификационната схема Код за повреда Код за отдаване Артикулен № Име на библиотеката - собственик Име на библиотеката, в която се намира в момента Статус (Текущо местоположение) Дата на вписване в системата Местоположение - отдел Цена в лева Инвентарен номер Систематично азбучна сигнатура Баркод Цена в евро Служебен тип на артикула
  Не е изгубен Universal Decimal Classification Не е повреден заемане за дома 772441 Регионална библиотека "Любен Каравелов" Русе Регионална библиотека "Любен Каравелов" Русе Заемна - подръчен фонд 2020-05-28 Заемна - подръчен фонд 8.45 120000843522 612.8/Т 71 Х 120000843522 4.32 Книги
  Не е изгубен Universal Decimal Classification Не е повреден заемане за дома 772442 Регионална библиотека "Любен Каравелов" Русе Регионална библиотека "Любен Каравелов" Русе Заемна - подръчен фонд 2020-05-28 Заемна - подръчен фонд 8.45 120000843521 612.8/Т 71 Х 120000843521 4.32 Книги
Vip Innovations Ltd, Rousse, Bulgaria 2025